Huellas japonesas en la cultura mexicana = Mekishiko Bunka ni Nokosareta Nihonjin no Sokuseki (Record no. 1590)
[ view plain ]
| 000 -CABECERA | |
|---|---|
| campo de control de longitud fija | 01364nam a2200337 a 4500 |
| 001 - NÚMERO DE CONTROL | |
| campo de control | BRCA_1809 |
| 005 - FECHA Y HORA DE LA ÚLTIMA TRANSACCIÓN | |
| campo de control | 20190320203546.0 |
| 008 - DATOS DE LONGITUD FIJA--INFORMACIÓN GENERAL | |
| campo de control de longitud fija | 970909s1997 mx-a---###---#000-0#spa-# |
| 020 ## - NÚMERO INTERNACIONAL ESTÁNDAR DEL LIBRO | |
| Número Internacional Estándar del Libro | 9686075674 |
| 040 ## - FUENTE DE LA CATALOGACIÓN | |
| Centro catalogador/agencia de origen | DLC |
| Centro/agencia transcriptor | DLC |
| 041 ## - CÓDIGO DE LENGUA | |
| Código de lengua del texto/banda sonora o título independiente | spajpn |
| 050 #4 - SIGNATURA TOPOGRÁFICA DE LA BIBLIOTECA DEL CONGRESO | |
| Número de clasificación | F1392.J3 |
| Número de documento/Ítem | .T36 1997 |
| 100 1# - ENTRADA PRINCIPAL--NOMBRE DE PERSONA | |
| Nombre de persona | Tanabe, Atsuko |
| 9 (RLIN) | 5629 |
| 245 10 - MENCIÓN DE TÍTULO | |
| Título | Huellas japonesas en la cultura mexicana = Mekishiko Bunka ni Nokosareta Nihonjin no Sokuseki |
| Mención de responsabilidad, etc. | edición Atsuko Tanabe ; traducción Juan Manuel Rivera y Yukako Yoshida. |
| 250 ## - MENCIÓN DE EDICIÓN | |
| Mención de edición | 2 |
| 260 ## - PUBLICACIÓN, DISTRIBUCIÓN, ETC. | |
| Lugar de publicación, distribución, etc. | Tijuana, México |
| Nombre del editor, distribuidor, etc. | Programa de Estudios Japoneses : El Colegio de la Frontera Norte |
| Fecha de publicación, distribución, etc. | 1997 |
| 300 ## - DESCRIPCIÓN FÍSICA | |
| Extensión | 124 p. |
| Otras características físicas | il. (algunas a color) |
| Dimensiones | 36 cm. |
| 500 ## - NOTA GENERAL | |
| Nota general | Centenario de la Migración Japonesa a México, 1897-1997 = Nihonjin Mekishiko ij¯u Hyakush¯uen Kinen |
| 500 ## - NOTA GENERAL | |
| Nota general | Colección Sonia Corcuera de Mancera |
| 546 ## - NOTA DE LENGUA/LENGUAJE | |
| Nota de lengua/lenguaje | Texto en : español y japonés |
| 650 14 - PUNTO DE ACCESO ADICIONAL DE MATERIA--TÉRMINO DE MATERIA | |
| Término de materia o nombre geográfico como elemento de entrada | Japoneses |
| Subdivisión general | Historia |
| Subdivisión geográfica | México |
| 9 (RLIN) | 5630 |
| 650 14 - PUNTO DE ACCESO ADICIONAL DE MATERIA--TÉRMINO DE MATERIA | |
| Término de materia o nombre geográfico como elemento de entrada | Japoneses |
| Subdivisión de forma | Trabajos Ilustrados |
| Subdivisión general | Historia |
| Subdivisión geográfica | México |
| 9 (RLIN) | 5631 |
| 650 14 - PUNTO DE ACCESO ADICIONAL DE MATERIA--TÉRMINO DE MATERIA | |
| Término de materia o nombre geográfico como elemento de entrada | Immigrantes |
| Subdivisión general | Historia |
| Subdivisión cronológica | 1897-1997 |
| Subdivisión geográfica | México |
| 9 (RLIN) | 5632 |
| 651 #4 - PUNTO DE ACCESO ADICIONAL DE MATERIA--NOMBRE GEOGRÁFICO | |
| Nombre geográfico | México |
| Subdivisión general | Relaciones |
| Subdivisión geográfica | Japón |
| 9 (RLIN) | 5633 |
| 651 #4 - PUNTO DE ACCESO ADICIONAL DE MATERIA--NOMBRE GEOGRÁFICO | |
| Nombre geográfico | Japón |
| Subdivisión general | Relaciones |
| Subdivisión geográfica | México |
| 9 (RLIN) | 5634 |
| 700 1# - PUNTO DE ACCESO ADICIONAL--NOMBRE DE PERSONA | |
| Nombre de persona | Rivera, Juan Manuel |
| 9 (RLIN) | 5635 |
| 700 1# - PUNTO DE ACCESO ADICIONAL--NOMBRE DE PERSONA | |
| Nombre de persona | Yoshida, Yukako |
| 9 (RLIN) | 5636 |
| 740 0# - PUNTO DE ACCESO ADICIONAL--TÍTULO RELACIONADO O ANALÍTICO NO CONTROLADO | |
| Título relacionado o analítico no controlado | Mekishiko Bunka ni Nokosareta Nihonjin no Sokuseki |
| 902 ## - CATALOGADOR | |
| Iniciales | DSC |
| 942 ## - ELEMENTOS DE PUNTO DE ACCESO ADICIONAL (KOHA) | |
| Fuente del sistema de clasificación o colocación | Library of Congress Classification |
| Tipo de ítem Koha | Libros |
| Estado de retiro | Estado de pérdida | Estado dañado | No para préstamo | Localización permanente | Ubicación/localización actual | Fecha de adquisición | Total de préstamos | Signatura topográfica completa | Código de barras | Fecha visto por última vez | Precio válido a partir de | Tipo de ítem Koha |
|---|---|---|---|---|---|---|---|---|---|---|---|---|
| El ejemplar forma parte de la colección y puede ser consultado según las políticas vigentes. | Biblioteca del Museo Franz Mayer (Rogerio Casas-Alatriste) | Biblioteca del Museo Franz Mayer (Rogerio Casas-Alatriste) | 27/06/2008 | F1392.J3 .T36 1997 | DSC00054 | 22/03/2019 | 22/03/2019 | Libros |